| 000 | 01281naa a22003137a 4500 | ||
|---|---|---|---|
| 001 | BR8200105 | ||
| 003 | BR-BrBNA | ||
| 005 | 20240918175107.0 | ||
| 007 | ta | ||
| 008 | 230509b bl.||||| |||| 00| 0 por d | ||
| 040 |
_aBR-BrBNA _bpor _cBiblioteca Nacional de Agricultura |
||
| 041 | _a(Pt) | ||
| 072 |
_aF25; F60 _b2120 _b3840 _bG514 |
||
| 090 | _aF25 BR8200105 | ||
| 100 | 1 | _aGarcia, A.W.R. | |
| 245 | 1 | _aCalagem para o cafeeiro [Coffea arabica; Fertilidade do solo; Nutricao vegetal; Brasil] | |
| 246 | 1 | _a[Liming for coffee plant [Coffea arabica; Soil fertility; Plant nutrition; Brazil]] | |
| 246 | 1 | _aMineral nutrition and fertilization of coffee | |
| 260 | 3 |
_aPiracicaba, SP (Brasil): _c1980. |
|
| 500 | _aMalavolta, E.; Yamada, T.; Guidolin, J.A. (eds.) Nutricao e adubacao do cafeeiro Piracicaba, SP (Brasil): 1980. p. 103-115 (BR8200105-AM)F25 | ||
| 650 | _aFertilidade do solo | ||
| 650 | _aNutricao vegetal | ||
| 650 | _aCafe | ||
| 650 | _aCalcario | ||
| 650 | _aCalagem | ||
| 773 | 0 |
_tNutricao e adubacao do cafeeiro _aMalavolta, E.; Yamada, T.; Guidolin, J.A. (eds.). Instituto da Potassa e Fosfato, Piracicaba, SP (Brasil) _wF25 BR8200105 _gPiracicaba, SP (Brasil), 1980. p. 103-115 |
|
| 909 |
_a202404 _bLucia _c55 _dLucia Elande |
||
| 942 |
_cAM _2AGRIS |
||
| 999 |
_c314989 _d314989 |
||